Responses for show #2547 - Tuesday, October 3, 1995

Gordon Wean game 3.

Contestants

Carole Edwards, a writer from Falls Church, Virginia

Al Kapusinski, a bar owner and film student from Huletts Landing, New York

Gordon Wean, a teacher from Cleveland Heights, Ohio (whose 2-day cash winnings total $30,100)

Jeopardy! Round responses

WORLD HISTORY
POP MUSIC
GARDENING
BIBLICAL PEOPLE
ANIMALS
THE LETTER T
    $100 2
pope

Al
    $100 4
Jim Morrison

Al
    $100 23
the gladiola

Gordon
    $100 17
Adam & Eve

Gordon
    $100 1
(Gordon: What are their tusks?)

their ears

GordonAl
    $100 6
it

Gordon
    $500 3
India

Al
    $200 5
"Sweet Caroline"

Triple Stumper
    $200 24
the pear

Gordon
    $200 19
Lot

Gordon
    $200 12
the whale

Gordon
    $200 7
the t-bone

Al
    $300 8
(Gordon: Who is Hosni Mubarek?)

Nasser

GordonAl
    $300 27
Rod Stewart

Gordon
    $300 25
bonsai

Gordon
    $300 20
the wise men

Gordon
    $300 13
albatross

Gordon
    $300 11
a thief

Al
    $400 9
(Al: What are rubles?)

kopeks

Al
Triple Stumper
    $400 29
(1 of) Folsom or San Quentin

Al
    $400 26
the tiger lily

Al
    $400 21
Sarah

Gordon
    $400 14
the duck-billed platypus

Gordon
    $400 16
a T-square

Al
    $500 10
Sudan

Gordon
    $500 30
Barry Gibb

Triple Stumper
    $500 28
(Al: What is yellow?)

blue

GordonAl
    $500 22
Esau

Gordon
    $500 15
(Al: What is a jaguar?)

a leopard

AlCarole
    $500 18
Thomas

Carole

Scores at the first commercial break (after clue 15):

Gordon Al Carole
$1,100 $700 $500

Scores at the end of the Jeopardy! Round:

Gordon Al Carole
$4,000 $1,400 $1,000

Double Jeopardy! Round responses

AUTHORS
DESIGN
NATIONAL PARKS
VICE PRESIDENTS
MOVIE NOSTALGIA
SCIENTISTS
    $200 5
Melville

Carole
    $200 11
Yale

Gordon
    $200 2
(Carole: What is uh, Grand Canyon?)

Petrified Forest

AlCarole
    $200 1
Mondale

Al
    $200 18
The Wizard of Oz

Gordon
    $200 13
Luther Burbank

Al
    $400 6
Montreal

Al
    $400 12
the Acropolis

Al
    $400 10
Yosemite

Gordon
    $1,800 3
(Al: [Ten seconds after Alex finished reading the clue] Who is Richard Nixon?)
(Alex: No, Richard Nixon was a Republican.)

Hubert Humphrey

Al
    $400 19
Ethel Merman

Carole
    $400 14
(John James) Audubon

Gordon
    $600 7
Boswell

Gordon
    $600 15
the chair

Gordon
    $600 29
Mammoth Cave

Al
    $600 4
Nelson Rockefeller

Al
    $600 20
Marlene Dietrich

Carole
    $600 25
(Gordon: Who is Galileo?)

(Edmond) Halley

GordonAl
    $800 8
(Thomas) Wolfe

Gordon
    $800 16
a sweater

Triple Stumper
    $800 28
the U.S. Virgin Islands

Gordon
    $800 23
Aaron Burr

Al
    $800 21
(Al: Who is Henry VIII?)

Charles II

AlCarole
    $800 30
(Al: Who is Kepler?)

Tycho Brahe

GordonAl
    $1000 9
(Willa) Cather

Carole
    $1000 17
Lalique

Gordon
    $2,000 26
(Alex: [Prior to the wager] Less than a minute to go in the round, Al.)

Grand Teton National Park

Al
    $1000 24
(John Nance) Garner

Carole
    $1000 22
Kings Row

Triple Stumper
    $1000 27
(Carole: Who is Pasteur?)

Edward Jenner

Carole
Triple Stumper

Scores at the end of the Double Jeopardy! Round:

Gordon Al Carole
$9,200 $4,000 $3,800
(lock game)

[wagering suggestions for these scores]

Final Jeopardy! Round responses

FAMOUS NAMES
CaroleWho is Helen Keller?
$3,700
AlWho is Helen Keller?
$3,900
GordonWho is Helen Keller?
$1,000
Helen Keller

Final scores:

Gordon Al Carole
$10,200 $7,900 $7,500
3-day champion: $40,300 2nd place: Counterpoint compact disc player & Klipsch speakers + Jeopardy! Sports Edition for home computer or Super Nintendo 3rd place: New Home Memory Craft 4000 sewing machine + Jeopardy! Sports Edition for home computer or Super Nintendo

Game dynamics:

Coryat scores:

Gordon Al Carole
$9,200 $4,500 $3,800
25 R,
3 W
20 R
(including 2 DDs),
6 W
(including 1 DD)
8 R,
2 W

Combined Coryat: $17,500

The J! Archive is created by fans, for fans. The Jeopardy! game show and all elements thereof, including but not limited to copyright and trademark thereto, are the property of Jeopardy Productions, Inc. and are protected under law. This website is not affiliated with, sponsored by, or operated by Jeopardy Productions, Inc. Join the discussion at JBoard.tv.